Music Quiz

Random Music or Song Quiz

Trace Adkins songs Quiz Stats

Quiz not verified by Sporcle

Challenge
Share
Tweet
Embed
Score 0/30 Timer 10:00
0 Plays Today
lyrics song % Correct
Forget Pink and Purple PaisleyChrome
58.9%
The Front Walk Looks Like Runway LightsEvery Light In The House Is On
54.3%
They Bought Her A Car After GraduationLadies Love Country Boys
54%
So I Offered Him TicketsSongs About Me
52.3%
We're Proud Of Your SonArlington
45.7%
I Think I Got A BiteJust Fishin
44.3%
She Walked Right Up To MeSwing
42.3%
I Dont Want The Girl You Used To BeHot Mama
40.1%
Cold Beer Hot Wings Wranglers Skoal RingRough and Ready
38.1%
Black Crows Sittin On The Weather VaneBrown Chicken Brown Cow
36.4%
My Alligator BootsI Got My Game On
31.3%
Mama Put That Car In Park Out There In Front Of The SchoolYour Gonna Miss This
30.6%
Im Playing RefereeThen They Do
28.4%
Theres Always A Mountain In Front Of MeIm Trying
27.6%
I Swear I'll Love You For (song title)The Rest Of Mine
27.6%
lyrics song % Correct
I Learned A Lesson I Wont Be Forgettin Next Time AroundMarry For Money
26.2%
Somebody Find Me A Man With A Bible Who Can Tie Me A KnotFind Me A Preacher
25.9%
I Grew Up On Skynard and Im A Bear Bryant FanAla Freakin Bama
23%
I Went For A Drive Last NightThis Aint No Love Song
22.2%
Forget Mathematical EquationsThis Aint No Thinkin Thing
21%
I Aint Been Livin Like I OughtaMuddy Water
20.3%
Like A Kid In A Candy StoreMore
20%
She'd Say Whatever You Do Boy Find You Ones Thats (song title)Sweet
19.3%
Left Left Left Right LeftHonkytonk Badonk A Donk
17.6%
Cant Wait To See Their Faces When I Get HomeAll I Ask For Anymore
16.6%
It Was A Boom Town Back In '83Metropolis
14.9%
Theres A Big Crowd Gathered At The WalMart StoreHillbilly Rich
13.7%
A Car Goes By And I See Your Face The Strangest Face In The WindowI Wish It Was You
13%
All Your Heartache And FrustrationBring It On
12%
She Said You'll Always Be My BabyMy Way Back
11.5%

You're not logged in!

Compare scores with friends on all Sporcle quizzes.
Sign Up with Email
OR
Log In

You Might Also Like...

Show Comments

Extras

Top Quizzes Today


Score Distribution

Your Account Isn't Verified!

In order to create a playlist on Sporcle, you need to verify the email address you used during registration. Go to your Sporcle Settings to finish the process.